[Event "24th Mikhail Chigorin Memorial"]
[Site "Sochi URS"]
[Date "1990.??.??"]
[Round "?"]
[White "Panchenko, Alexander"]
[Black "Ruban, Vadim"]
[WhiteElo "2430"]
[BlackElo "2555"]
[Result "0-1"]
[EventDate "1990.??.??"]
[PlyCount "58"]

1. Nf3 d5 2. c4 d4 3. e3 c5 4. exd4 cxd4 5. d3 Nc6 6. g3 e5 7. Bg2 Bd6 8. O-O Nge7 9. Re1 O-O 10. Nbd2 Ng6 11. a3 a5 12. b3 Re8 13. Qc2 Bf8 14. Rb1 Be6 15. c5 Bd5 16. b4 axb4 17. axb4 b5 18. h4 Ra4 19. h5 Nh8 20. Qd1 Rxb4 21. Rxb4 Nxb4 22. Rxe5 Rxe5 23. Nxe5 Bxg2 24. Kxg2 Qd5+ 25. Ndf3 f6 26. Ng4 Nf7 27. h6 f5 28. Ngh2 g6 29. Qe2 Qxc5 0-1

[Event "24th Mikhail Chigorin Memorial"]
[Site "Sochi URS"]
[Date "1990.??.??"]
[Round "?"]
[White "Panchenko, Alexander"]
[Black "Tuzan, Oleg"]
[WhiteElo "2430"]
[BlackElo "2200"]
[Result "1-0"]
[EventDate "1990.??.??"]
[PlyCount "73"]

1. Nf3 Nf6 2. c4 g6 3. b4 Bg7 4. Bb2 O-O 5. e3 d6 6. d3 a5 7. b5 e5 8. Nbd2 Nbd7 9. Be2 Nc5 10. O-O Bf5 11. d4 Nd3 12. Bc3 e4 13. Bxd3 exd3 14. d5 Re8 15. Nd4 Qd7 16. Nxf5 Qxf5 17. Qf3 Qxf3 18. Nxf3 Nd7 19. Bxg7 Kxg7 20. Rfd1 Re4 21. Rac1 Nc5 22. Ne1 b6 23. Nxd3 Nxd3 24. Rxd3 Rae8 25. Rcc3 f5 26. g3 g5 27. f3 R4e7 28. Kf2 Kf6 29. Rd4 Rg8 30. Rc1 Rge8 31. Re1 Ke5 32. g4 Rh8 33. h4 fxg4 34. Rxg4 gxh4 35. Rh1 Rf7 36. Re4+ Kf6 37. Re6+ 1-0

[Event "24th Mikhail Chigorin Memorial"]
[Site "Sochi URS"]
[Date "1990.??.??"]
[Round "?"]
[White "Ruban, Vadim"]
[Black "Bykhovsky, Avigdor"]
[WhiteElo "2555"]
[BlackElo "2480"]
[Result "1/2-1/2"]
[EventDate "1990.??.??"]
[PlyCount "26"]

1. d4 d5 2. c4 c6 3. Nf3 Nf6 4. Nc3 e6 5. Bg5 h6 6. Bxf6 Qxf6 7. e3 Nd7 8. Bd3 Qd8 9. O-O Bd6 10. c5 Bc7 11. e4 dxe4 12. Nxe4 O-O 13. Bc4 b6 1/2-1/2

[Event "24th Mikhail Chigorin Memorial"]
[Site "Sochi URS"]
[Date "1990.??.??"]
[Round "?"]
[White "Ruban, Vadim"]
[Black "Douven, Rudy"]
[WhiteElo "2555"]
[BlackElo "2410"]
[Result "1-0"]
[EventDate "1990.??.??"]
[PlyCount "59"]

1. d4 Nf6 2. c4 g6 3. g3 Bg7 4. Bg2 d5 5. Nf3 O-O 6. O-O dxc4 7. Na3 c3 8. bxc3 c5 9. e3 Nc6 10. Qe2 Bf5 11. Bb2 Qa5 12. Rfc1 Be4 13. Nc4 Qa6 14. Bf1 b5 15. Ncd2 c4 16. Nxe4 Nxe4 17. Bg2 f5 18. Nd2 Nxd2 19. Qxd2 Rad8 20. Qc2 e5 21. a4 Na5 22. axb5 Qxb5 23. Rcb1 Nb3 24. Rxa7 e4 25. Ba3 Rf7 26. Rxf7 Kxf7 27. Bf1 Rb8 28. Bb4 Na5 29. Ra1 Nc6 30. Ra4 {Ftacnik,L} 1-0

[Event "24th Mikhail Chigorin Memorial"]
[Site "Sochi URS"]
[Date "1990.??.??"]
[Round "?"]
[White "Ruban, Vadim"]
[Black "Ikonnikov, Vyacheslav"]
[WhiteElo "2555"]
[BlackElo "2485"]
[Result "1/2-1/2"]
[EventDate "1990.??.??"]
[PlyCount "34"]

1. d4 Nf6 2. c4 e6 3. Nf3 b6 4. g3 Bb7 5. Bg2 Be7 6. O-O O-O 7. Nc3 Ne4 8. Nxe4 Bxe4 9. Ne1 Bxg2 10. Nxg2 c6 11. e4 d5 12. Qe2 Re8 13. Nf4 Bf6 14. e5 Be7 15. cxd5 cxd5 16. Be3 Nc6 17. Rac1 Rc8 1/2-1/2

[Event "24th Mikhail Chigorin Memorial"]
[Site "Sochi URS"]
[Date "1990.??.??"]
[Round "?"]
[White "Ruban, Vadim"]
[Black "Shabanov, Yuri"]
[WhiteElo "2555"]
[BlackElo "2375"]
[Result "1-0"]
[EventDate "1990.??.??"]
[PlyCount "83"]

1. d4 d5 2. c4 c6 3. Nf3 Nf6 4. Nc3 Qb6 5. e3 Bf5 6. Be2 e6 7. Nh4 Bg6 8. Nxg6 hxg6 9. h3 Nbd7 10. Qb3 Be7 11. Bd2 O-O 12. O-O Rac8 13. c5 Qc7 14. Qc2 e5 15. f4 exd4 16. exd4 b6 17. b4 a5 18. a3 Ra8 19. Rae1 axb4 20. axb4 bxc5 21. bxc5 Rfe8 22. Bd3 Bf8 23. Rxe8 Rxe8 24. g4 Be7 25. Kg2 Bd8 26. Ra1 Nf8 27. Bc1 Qd7 28. Qf2 Ne4 29. Nxe4 dxe4 30. Bc4 Ne6 31. Be3 Qb7 32. Qa2 Qb8 33. Rb1 Qc7 34. Bxe6 Rxe6 35. Qa8 Qd7 36. Rb8 Re8 37. Rc8 Qd5 38. Qxc6 Qa2+ 39. Bf2 Rf8 40. Qxe4 Kh7 41. Qa8 Qc2 42. Rxd8 1-0

[Event "24th Mikhail Chigorin Memorial"]
[Site "Sochi URS"]
[Date "1990.??.??"]
[Round "?"]
[White "Shabanov, Yuri"]
[Black "Luther, Thomas"]
[WhiteElo "2375"]
[BlackElo "2385"]
[Result "1/2-1/2"]
[EventDate "1990.??.??"]
[PlyCount "121"]

1. e4 e6 2. d4 d5 3. Nc3 Nf6 4. Bg5 dxe4 5. Nxe4 Be7 6. Bxf6 gxf6 7. Nf3 b6 8. Bb5+ c6 9. Bd3 Nd7 10. Qe2 Qc7 11. O-O Bb7 12. Rfe1 O-O-O 13. a4 a5 14. c3 Nf8 15. Ba6 Ng6 16. Bxb7+ Kxb7 17. g3 f5 18. Ned2 h5 19. b4 axb4 20. cxb4 Bxb4 21. Reb1 Bxd2 22. Nxd2 Ka7 23. Nc4 Rb8 24. Ra2 Ne7 25. Rc2 h4 26. Rbc1 hxg3 27. hxg3 f4 28. Ne5 fxg3 29. fxg3 Qd6 30. Qe4 f5 31. Rxc6 Nxc6 32. Nxc6+ Ka8 33. Qd3 Kb7 34. Nxb8 Kxb8 35. Qe3 Rg8 36. Kf2 Rg4 37. Rd1 f4 38. gxf4 Rxf4+ 39. Ke2 Rh4 40. Qe5 Qxe5+ 41. dxe5 Re4+ 42. Kf3 Rxe5 43. Rd7 Ra5 44. Re7 Rxa4 45. Ke3 Rc4 46. Rxe6 Kb7 47. Kd3 Rc1 48. Kd2 Rc5 49. Re1 Kc6 50. Kd3 Kb5 51. Rb1+ Ka6 52. Ra1+ Kb7 53. Rh1 Rc6 54. Ra1 b5 55. Ra2 Kb6 56. Rc2 Rxc2 57. Kxc2 Ka5 58. Kb3 b4 59. Kb2 Ka4 60. Ka2 b3+ 61. Kb2 1/2-1/2

[Event "24th Mikhail Chigorin Memorial"]
[Site "Sochi URS"]
[Date "1990.??.??"]
[Round "?"]
[White "Tseshkovsky, Vitaly"]
[Black "Douven, Rudy"]
[WhiteElo "2490"]
[BlackElo "2410"]
[Result "1/2-1/2"]
[EventDate "1990.??.??"]
[PlyCount "25"]

1. e4 c6 2. d4 d5 3. Nc3 dxe4 4. Nxe4 Bf5 5. Ng3 Bg6 6. Nf3 Nd7 7. h4 h6 8. h5 Bh7 9. Bd3 Bxd3 10. Qxd3 e6 11. Bd2 Qc7 12. O-O-O O-O-O 13. Qe2 1/2-1/2

[Event "24th Mikhail Chigorin Memorial"]
[Site "Sochi URS"]
[Date "1990.??.??"]
[Round "?"]
[White "Tseshkovsky, Vitaly"]
[Black "Luther, Thomas"]
[WhiteElo "2490"]
[BlackElo "2385"]
[Result "1/2-1/2"]
[EventDate "1990.??.??"]
[PlyCount "29"]

1. e4 e6 2. d4 d5 3. Nd2 c5 4. Ngf3 cxd4 5. exd5 Qxd5 6. Bc4 Qd6 7. O-O Nf6 8. Nb3 Nc6 9. Re1 Bd7 10. Nbxd4 Nxd4 11. Qxd4 Qxd4 12. Nxd4 Rc8 13. Bd3 Bc5 14. Nb3 Bb6 15. a4 1/2-1/2

[Event "24th Mikhail Chigorin Memorial"]
[Site "Sochi URS"]
[Date "1990.??.??"]
[Round "?"]
[White "Tseshkovsky, Vitaly"]
[Black "Ruban, Vadim"]
[WhiteElo "2490"]
[BlackElo "2555"]
[Result "1/2-1/2"]
[EventDate "1990.??.??"]
[PlyCount "28"]

1. e4 c5 2. Nf3 d6 3. d4 cxd4 4. Nxd4 Nf6 5. Nc3 Nc6 6. Bg5 e6 7. Qd2 a6 8. O-O-O h6 9. Be3 Nxd4 10. Qxd4 Qc7 11. Qb6 Qxb6 12. Bxb6 Bd7 13. Bc4 Bc6 14. f3 Rc8 1/2-1/2

[Event "24th Mikhail Chigorin Memorial"]
[Site "Sochi URS"]
[Date "1990.??.??"]
[Round "?"]
[White "Tuzan, Oleg"]
[Black "Douven, Rudy"]
[WhiteElo "2200"]
[BlackElo "2410"]
[Result "0-1"]
[EventDate "1990.??.??"]
[PlyCount "78"]

1. d4 d6 2. c4 e5 3. Nf3 e4 4. Ng5 f5 5. f3 h6 6. Nh3 g5 7. Nc3 Nf6 8. Nf2 Qe7 9. fxe4 fxe4 10. Be3 Bg7 11. Qc2 Bf5 12. h3 c6 13. g4 Bg6 14. d5 cxd5 15. cxd5 Nbd7 16. Bg2 Rc8 17. Qa4 a6 18. O-O O-O 19. Rad1 Rfe8 20. h4 Ne5 21. Bd4 Nexg4 22. Nxg4 Nxg4 23. Bh3 b5 24. Qxa6 Bxd4+ 25. Rxd4 Qe5 26. Bxg4 Qg3+ 27. Kh1 Qxh4+ 28. Kg2 Qxg4+ 29. Kh2 Qh4+ 30. Kg2 Qg4+ 31. Kh2 Rcd8 32. Rf6 Kg7 33. Rf1 Rf8 34. Rdd1 b4 35. Qb7+ Kg8 36. Qxb4 Qh4+ 37. Kg2 Bf5 38. Rxf5 Rxf5 39. Qb6 Rdf8 0-1

[Event "24th Mikhail Chigorin Memorial"]
[Site "Sochi URS"]
[Date "1990.??.??"]
[Round "?"]
[White "Tuzan, Oleg"]
[Black "Fischer, Joerg"]
[WhiteElo "2200"]
[BlackElo "2325"]
[Result "1-0"]
[EventDate "1990.??.??"]
[PlyCount "53"]

1. d4 Nf6 2. Nc3 d5 3. Bg5 h6 4. Bh4 e6 5. e3 c5 6. Nf3 Qb6 7. a3 Nc6 8. Be2 Be7 9. O-O cxd4 10. exd4 Bd7 11. Re1 Rc8 12. Bf1 g5 13. Bg3 g4 14. Ne5 Qxb2 15. Nb5 a6 16. Rb1 Qa2 17. Nxd7 axb5 18. Nb6 Rd8 19. Bc7 Qxa3 20. Re3 Qa2 21. Bxb5 Qa5 22. Nxd5 Qa2 23. Nxf6+ Bxf6 24. Bxd8 Kxd8 25. Reb3 Qa7 26. Bxc6 bxc6 27. Qxg4 1-0

[Event "24th Mikhail Chigorin Memorial"]
[Site "Sochi URS"]
[Date "1990.??.??"]
[Round "?"]
[White "Tuzan, Oleg"]
[Black "Shabanov, Yuri"]
[WhiteElo "2200"]
[BlackElo "2375"]
[Result "0-1"]
[EventDate "1990.??.??"]
[PlyCount "123"]

1. d4 d5 2. Nc3 c6 3. e4 g6 4. h4 h5 5. e5 Nh6 6. Nh3 Bg4 7. f3 Bxh3 8. Rxh3 Nf5 9. g4 Ng7 10. Bd3 Nd7 11. Qe2 Qb6 12. gxh5 Rxh5 13. f4 e6 14. Qf2 Be7 15. Bd2 O-O-O 16. O-O-O Rdh8 17. Rdh1 Nf5 18. Bxf5 Rxf5 19. Be3 Rfh5 20. Qe1 Qa5 21. Bf2 Nb6 22. Kb1 Nc4 23. Ne2 Qxe1+ 24. Bxe1 Kd7 25. b3 Nb6 26. Bf2 Na8 27. Kc1 Nc7 28. Kd2 Ne8 29. Ke3 Ng7 30. Kf3 Nf5 31. Kg4 b6 32. c4 Kc7 33. Ng1 c5 34. cxd5 exd5 35. dxc5 bxc5 36. Nf3 Rc8 37. Ng5 Bxg5 38. hxg5 Rxh3 39. Rxh3 Kd7 40. Kf3 Ke6 41. Ke2 a6 42. Rc3 d4 43. Rh3 Ne7 44. Kd3 Nd5 45. Bg3 Nb4+ 46. Kc4 Nxa2 47. Be1 Nb4 48. Bxb4 cxb4+ 49. Kxd4 Kf5 50. Rh7 Rc7 51. Ke3 a5 52. Kd4 a4 53. bxa4 b3 54. Rh1 Ra7 55. Rb1 Rxa4+ 56. Ke3 Re4+ 57. Kd2 Rb4 58. Ke3 b2 59. Kf3 Rb3+ 60. Ke2 Kxf4 61. Kd2 Kxg5 62. Kc2 0-1

[Event "24th Mikhail Chigorin Memorial"]
[Site "Sochi URS"]
[Date "1990.??.??"]
[Round "?"]
[White "Tuzan, Oleg"]
[Black "Tseshkovsky, Vitaly"]
[WhiteElo "2200"]
[BlackElo "2490"]
[Result "0-1"]
[EventDate "1990.??.??"]
[PlyCount "116"]

1. d4 d6 2. Nf3 Nf6 3. c4 c6 4. Nc3 Bf5 5. Bg5 Ne4 6. Nxe4 Bxe4 7. Qd2 Nd7 8. e3 Qb6 9. Be2 h6 10. Bh4 g5 11. Bg3 Bg7 12. O-O c5 13. Rad1 Rc8 14. b3 a6 15. dxc5 Nxc5 16. b4 Na4 17. c5 Qd8 18. cxd6 exd6 19. Nd4 O-O 20. Bg4 Rc4 21. Ne6 Qf6 22. Nxg7 Qxg7 23. Qxd6 Bxg2 24. Kxg2 Rxg4 25. Rd4 Rxd4 26. exd4 Nc3 27. Re1 Nb5 28. Qe5 Qxe5 29. dxe5 Nd4 30. Rd1 Ne6 31. Rd7 Rb8 32. Kf3 Kf8 33. Kg4 b5 34. Rd6 Rc8 35. Rxa6 Rc4+ 36. Kf5 Kg7 37. a3 h5 38. h3 h4 39. Bh2 Rc2 40. Ke4 Rxf2 41. Bg1 Rg2 42. Be3 g4 43. hxg4 h3 44. Kf3 Ra2 45. Rd6 Rxa3 46. Rd1 Ng5+ 47. Kf2 Ra2+ 48. Kg3 Rg2+ 49. Kh4 Ne4 50. Rh1 h2 51. Bd4 Kg6 52. Bb6 Rc2 53. Be3 Rc8 54. g5 Rc3 55. Bf4 Kf5 56. Bc1 Rxc1 57. Rxc1 Nf2 58. e6 fxe6 0-1